000 00645nam a2200205 i 4500
001 80905
003 ES-MaACL
005 20230906174327.0
007 t|
008 041102s1920 fr ||||1| fre d
100 1 _aHovelaque, Émile.
_9165263
245 1 3 _aLa Chine
_b: les peuples d'Extrême-Orient /
_cÉmile Hovelaque.
260 _aParis :
_bErnest Flammarion,
_c1920 (
_fHemmerlé)
300 _a286 p. ;
_c19 cm.
490 1 _aBibliothèque de philosophie scientifique
651 4 _aChina-
_xHistoria.
_9145406
830 0 _aBibliothèque de philosophie scientifique
_9181135
852 _aES-MaACL
_jF-6135
999 _c80905
_d80905